1975 Topps Astros - Statistics

General Stats
  • This quiz has been taken 4 times
  • The average score is 13 of 26
Answer Stats
Position Card # Player Name % Correct
OF 227 Bob Watson
100%
OF 590 Cesar Cedeno
100%
OF 514 Jose Cruz
100%
C 143 Cliff Johnson
67%
P 455 Don Wilson
67%
3B 165 Doug Rader
67%
P 218 Jerry Johnson
67%
P 73 J R Richard
67%
P 357 Ken Forsch
67%
P 49 Larry Dierker
67%
SS 541 Roger Metzger
67%
P 301 Dave Roberts
33%
P 624 Doug Konieczny
33%
P 252 Fred Scherman
33%
OF 334 Greg Gross
33%
P 383 Jim York
33%
2B-3B 479 Ken Boswell
33%
2B 512 Larry Milbourne
33%
!B 25 Lee May
33%
P 96 Mike Cosgrove
33%
C 279 Milt May
33%
P 614 Paul Siebert
33%
Mgr 487 Preston Gomez
33%
2B 119 Tommy Helms
33%
OF 583 Wilbur Howard
33%
P 188 Tom Griffin
0%
No matching quizzes found
Score Distribution
Percent of People with Each Score
Percentile by Number Answered
Your Score History
You have not taken this quiz